000 00731nam a2200241Ia 4500
005 20260430150342.0
008 008 250103s9999 xx 000 0 eng d
037 _aTheses
040 _aCRL
040 _beng
040 _ceng
041 _2eng
041 _aeng
084 _qCRL
100 _aChoudhury Aparajita Au.; Naorem Aruna Gu.; Rajam M.V. Gu.
_91237232
245 0 _aHost Rnai- Mediated Silencing of Chitin Synthase Gene of Maruca Vitrata for Insect Resistance in Cowpea (Vigna Unguiculata)
260 _c2022
300 _a124p.
650 _aGenetics
700 _aUniversity of Delhi. Faculty of Inter- Disciplinary & Applied Science. Deptt. of Genetics
942 _cTH
999 _c1849580
_d1849580